Governors of Utah - Statistics

General Stats
  • This quiz has been taken 8 times
  • The average score is 14 of 18
Answer Stats
Hint Answer % Correct
2021- Spencer Cox
100%
1965-1977 Cal Rampton
86%
2009-2021 Gary Herbert
86%
1896-1905 Heber Manning Wells
86%
1933-1941 Henry H. Blood
86%
1949-1957 J. Bracken Lee
86%
2005-2009 Jon Huntsman Jr.
86%
1993-2003 Mike Leavitt
86%
1985-1993 Norman H. Bangerter
86%
2003-2005 Olene Walker
86%
1977-1985 Scott M. Matheson
86%
1917-1921 Simon Bamberger
86%
1921-1925 Charles R. Mabey
71%
1925-1933 George Dern
71%
1941-1949 Herbert B. Maw
71%
1957-1965 George Dewey Clyde
57%
1905-1909 John Christopher Cutler
57%
1909-1917 William Spry
57%
No matching quizzes found
Score Distribution
Percent of People with Each Score
Percentile by Number Answered
Your Score History
You have not taken this quiz